| 000 | 00493 a2200157 4500 | ||
|---|---|---|---|
| 999 |
_c8660 _d8660 |
||
| 020 | _a9780435453077 | ||
| 050 | _aHD72.038 WAT 2000 | ||
| 100 |
_aWatteville , Alastir de _eauthor |
||
| 245 |
_aAdvanced information and communication technology / _cAlastair de Watteville and Lester Gilbert |
||
| 264 |
_aOxford: _bEdexcel, _c2000 |
||
| 300 | _a355p. : | ||
| 500 | _aincludes index | ||
| 650 | _acommunication technology | ||
| 700 |
_aGilbert Lester _eauthor |
||
| 942 |
_2lcc _cBK _h72.038 _iWat _kHD |
||